000 00366nam a2200157Ia 4500
003 Ost
005 20260225132553.0
008 260225s9999||||xx |||||||||||||| ||und||
040 _cfsic
041 _afre
082 _a440
100 _aJean Philippe
_eAuteur
245 0 _aEconomie et politique de l'environnement /
245 0 _cJean Philippe
942 _cكتاب
999 _c34292
_d34292